000 00538nam a22001817a 4500
005 20251108164152.0
008 250721s1990 xx 000 0 ara d
082 1 4 _a342.039565/آرا
100 1 _aبكر، إبراهيم
245 1 0 _aآراء في الميثاق الوطني /
264 1 _aعمان :
_bالرأي - المؤسسه الصحفيه الأردنيه،
_c1990.
300 _a104ص
490 0 _aمكتبة الرأي ؛ 3
650 1 7 _aالأردن
650 1 7 _aالدستور
942 _2ddc
_cBK
999 _c5367
_d5367